| 000 | 00628nam a2200181 i 4500 | ||
|---|---|---|---|
| 001 | 26053 | ||
| 003 | ES-MaACL | ||
| 005 | 20230906153359.0 | ||
| 007 | t| | ||
| 008 | 030107s1974 sp f ||||1| spa d | ||
| 100 | 1 |
_aArtero García, José María. _923451 |
|
| 245 | 1 | 3 |
_aLa imprenta _b: grandeza y miseria / _cJosé Mª Artero García. |
| 260 |
_aAlmería : _bDelegación del Ministerio de Información y Turismo, _c1974. |
||
| 300 |
_a28 h., 2 lám. ; _c20 cm. |
||
| 595 | _aSeparata de: V Centenario de la Imprenta en España, p. 93-123. | ||
| 650 | 4 |
_aImprenta- _zEspaña- _vHistoria. _9155171 |
|
| 852 |
_aES-MaACL _j2092-F-15 |
||
| 999 |
_c26053 _d26053 |
||